Análisis estructural
Sábháilte in:
| Príomhchruthaitheoir: | |
|---|---|
| Formáid: | LEABHAR |
| Teanga: | Spáinnis |
| Foilsithe / Cruthaithe: |
Santiago
Universidad Católica de Chile
1992
|
| Sraith: | Lecciones
|
| Ábhair: | |
| Clibeanna: |
Cuir clib leis
Níl clibeanna ann, Bí ar an gcéad duine le clib a chur leis an taifead seo!
|
MARC
| LEADER | 00000nam a2200000 a 4500 | ||
|---|---|---|---|
| 001 | UCV4433 | ||
| 003 | CL-VaPUC | ||
| 008 | 921120e19920000CL |||||||||||||||||spa|d | ||
| 082 | 0 | 4 | |a 624.171 |b HID |2 21 |
| 100 | |a Hidalgo Oyanedel, Pedro |e author |9 470912 | ||
| 245 | 1 | 0 | |a Análisis estructural |
| 300 | |a 448 p | ||
| 942 | |c BK | ||
| 945 | |d 19921120 00:00:00 | ||
| 260 | |a Santiago |b Universidad Católica de Chile |c 1992 | ||
| 650 | 0 | |a Análisis estructural |9 260661 | |
| 650 | 0 | |a Ingeniería |9 259380 | |
| 583 | |a last modification |c 19921120 00:00:00 |k Rodrigo Vera | ||
| 490 | 0 | |a Lecciones | |
| 999 | |c 211264 |d 211262 | ||
| 952 | |0 0 |1 0 |4 0 |6 624_171000000000000_HID_1992 |7 0 |8 A |9 189957 |a BIBING |b BIBING |d 2019-11-14 |i 2576341 |l 1 |o 624.171 HID 1992 |p 2576341 |r 2025-01-20 |s 2024-08-19 |w 2019-11-14 |y BK |k ING | ||
| 952 | |0 0 |1 0 |2 ddc |4 0 |6 624_171000000000000_HID_1992 |7 0 |8 A |9 189958 |a BIBMEC |b BIBMEC |d 2019-11-14 |i 3835383 |o 624.171 HID 1992 |p 3835383 |r 2024-01-19 |w 2019-11-14 |y BK_P |k MEC | ||